Normal view
MARC view
Entry Topical Term
001 - CONTROL NUMBER
- control field: 4788
003 - CONTROL NUMBER IDENTIFIER
- control field: ARRUPE
005 - DATE AND TIME OF LATEST TRANSACTION
- control field: 20131203163144.0
008 - FIXED-LENGTH DATA ELEMENTS
- fixed length control field: 131203|| aca||aabn | a|a d
040 ## - CATALOGING SOURCE
- Original cataloging agency: ARRUPE
- Transcribing agency: ARRUPE
150 ## - HEADING--TOPICAL TERM
- Topical term or geographic name as entry element: Christianity
- General subdivision: other religions
- General subdivision: Islam
- General subdivision: relations
670 ## - SOURCE DATA FOUND
- Source citation: Work cat.: (ARRUPE): Morgi, Andrea 4787, The Cross and the Cresent, 2000